Szczegóły MARC21

Kinder- und Hausmärchen /

003 -Nazwa inst., której nr kontr. jest w polu 001 [,]
    • @
    • Nazwa instytucji, której n kontrolny jest w polu 001
    • NUKAT
005 -DATA I CZAS OSTATNIEJ MODYFIKACJI [,]
    • @
    • pole kontrolne
    • 20241231111717.0
020 -Międzynarod. znormalizowany nr książki - ISBN [ , ]
    • a
    • Numer ISBN
    • 3768432742 Find
040 -Instytucja sporządzająca opis [ , ]
    • a
    • Instytucja, która sporządziła opis (NP)
    • KR 119/IK
    • c
    • Instytucja, która sporządziła rekord (NP)
    • KR 119/IKs
    • d
    • Instytucja, która zmodyfikowała rekord (P)
    • KR 119/ara
    • d
    • Instytucja, która zmodyfikowała rekord (P)
    • GD U/3Schu
    • d
    • Instytucja, która zmodyfikowała rekord (P)
    • KAT U/46MM
942 -Rodzaj dokumentu [ , ]
    • c
    • Rodzaj dokumentu
    • Książka
100 -Hasło główne - nazwa osobowa [1, ]
    • a
    • Nazwa osobowa (NP)
    • Grimm, Jacob
    • d
    • Daty biograficzne (NP)
    • (1785-1863).
    • 9
    • KHW
    • 25923
240 -Tytuł ujednolicony [1,0]
    • a
    • Tytuł ujednolicony
    • Kinder- und Hausmärchen
    • l
    • Język tekstu
    • (niem.)
    • 9
    • KHW
    • 633081
245 -Strefa tytułu i oznaczenia odpowiedzialności [1,0]
    • a
    • Tytuł
    • Kinder- und Hausmärchen / Find
    • c
    • Pozostałe elementy strefy tytułu i oznaczenia odpowiedzialności (NP)
    • der Brüder Grimm ; Ill. von Jiři Trnka.
250 -Strefa wydania [ , ]
    • a
    • Oznaczenie wydania (NP)
    • 7. Aufl.
260 -Strefa adresu wydawniczego [ , ]
    • a
    • Miejsce wydania (P)
    • Hanau :
    • b
    • Nazwa wydawcy (P)
    • Verlag Werner Dausien,
    • c
    • Data wydania (P)
    • 1991.
300 -Strefa opisu fizycznego [ , ]
    • a
    • Określenie formy książki i/lub objętość (NP)
    • 246, [1] s. :
    • b
    • Oznaczenie ilustracji (NP)
    • il. ;
    • c
    • Format (NP)
    • 29 cm.
336 -Typ zawartości [ , ]
    • a
    • Termin opisujący typ zawartości
    • Tekst
    • b
    • Kod określający zawartość
    • txt
    • 2
    • Źródło (terminu i kodu)
    • rdacontent
337 -Typ mediów [ , ]
    • a
    • Tryb odtwarzania
    • Bez urządzenia pośredniczącego
    • b
    • Kod typu mediów
    • n
    • 2
    • Źródło (terminu i kodu)
    • rdamedia
338 -Typ/rodzaj nośnika [ , ]
    • a
    • Hasło opisujące typ nośnika
    • Wolumin
    • b
    • Kod typu nośnika
    • nc
    • 2
    • Źródło (terminu i kodu)
    • rdacarrier
080 -Uniwersalna Klasyfikacja Dziesiętna [ , ]
    • a
    • Symbol klasyfikacji
    • 830-93=30
655 -Hasło w funkcji tematu formalnego [ ,7]
    • a
    • Hasło
    • Baśnie niemieckie
    • y
    • Określnik chronologiczny
    • 19 w.
    • 2
    • Źródło terminu
    • kaba
    • 9
    • KHW
    • 469330
980 -Symbol UKD [ , ]
    • a
    • UKD
    • 830-93=30
700 -Hasło dodatkowe - nazwa osobowa [1, ]
    • a
    • Nazwa osobowa (NP)
    • Grimm, Wilhelm Find
    • d
    • Daty biograficzne (NP)
    • (1786-1859).
    • 9
    • KHW
    • 25924
700 -Hasło dodatkowe - nazwa osobowa [1, ]
    • a
    • Nazwa osobowa (NP)
    • Trnka, Jiři Find
    • d
    • Daty biograficzne (NP)
    • (1912-1969).
    • e
    • Określenie rodzaju współpracy
    • Il.
    • 9
    • KHW
    • 255243
710 -Hasło dodatkowe - nazwa ciała zbiorowego [2, ]
    • a
    • Nazwa ciała zbiorowego lub nazwa geograficzna jako pierwszy element (NP)
    • Verlag Werner Dausien.
    • 4
    • Kod relacji
    • pbl
    • 9
    • KHW
    • 633080
920 -ISBN [ , ]
    • a
    • ISBN
    • 3-7684-3274-2 Find
Lokalizacja Status udost. Sygnatura Data inwentaryzacji Numer inwentarzowy
BM-3Germ. Literatura dla dzieci 011998-09-18G.13904
BM-3Germ. Literatura dla dzieci 021998-09-18G.13905
BM-3Germ. Literatura dla dzieci 031998-09-18G.13906
BM-3Magazyn - duży format1998-09-18G.13900
BM-3Magazyn - duży format1998-09-18G.13899
BM-3Magazyn - duży format1998-09-18G.13898
BM-3Magazyn - duży format1998-09-18G.13903
BM-3Magazyn - duży format1998-09-18G.13902
BM-3Magazyn - duży format1998-09-18G.13901